| 000 | 00460nam a2200169 a 4500 | ||
|---|---|---|---|
| 001 | 3632 | ||
| 003 | CDMR | ||
| 005 | 20131002114525.0 | ||
| 008 | 130130s1987||||||||||||||||||||||||||||d | ||
| 020 | _a8450570557 | ||
| 040 |
_aCDMR _bcat _cCDMR |
||
| 100 | 1 |
_aBarroso García, Jaime _92590 |
|
| 245 | 1 | 0 | _aTratamiento de la información en televisión |
| 260 |
_aMadrid _c1987 _bInstituto Oficial de Radio y Televisión |
||
| 300 |
_a81 p. _c30 cm |
||
| 942 |
_cMON _2udc |
||
| 999 |
_c3632 _d3632 |
||